000 01057cad a22002415a 4500
001 L159664
008 120810s2017 xxk 000 0 eng d
035 _a(Sirsi) u159664
041 0 _aeng
110 2 _aCushman & Wakefield
_95888
245 0 0 _aLondon occupier fit out cost guide
_bQ1 2017
_h[electronic resource]
250 _a2nd ed.
260 _aLondon
_bCushman & Wakefield
_c2017
520 _aSets out current average fit out costs across a range of sectors, to help guide London occupiers through the early stages of defining their relocation budgets. This guide provides an indication of the fit out construction costs associated with delivering low, medium and high quality specifications fit out within London.
590 _aKA NTK
650 2 4 _aOCCUPIER REQUIREMENTS
650 2 4 _aFIT-OUT WORKS
650 2 4 _aCOST INFORMATION
651 4 _aLondon
690 _aCONSTRUCTION
856 4 0 _uhttps://f.datasrvr.com/fr1/417/60922/London_Occupier_Fit_Out_Cost_Guide_2017.pdf
_zView the report at www.cushmanwakefield.co.uk
942 _n0
999 _c116080
_d116080